Die größten Städte pro Bundesland - Buchstabe L - Statistiken

Allgemein
  • Dieses Quiz wurde 291 mal gespielt
  • Das Durchschnittsergebnis liegt bei 12 aus 38
Antwortstatistiken
Bundesland Einwohnerzahl Stadt % Korrekt
Sachsen 601.866 Leipzig
94%
Schleswig-Holstein 216.277 Lübeck
80%
Rheinland-Pfalz 172.145 Ludwigshafen (Rhein)
80%
Baden-Württemberg 93.117 Ludwigsburg
71%
Bayern 73.150 Landshut
70%
Nordrhein-Westfalen 163.851 Leverkusen
66%
Niedersachsen 75.599 Lüneburg
66%
Rheinland-Pfalz 46.919 Landau (Pfalz)
53%
Hessen 35.783 Limburg (Lahn)
46%
Hessen 38.651 Langen
45%
Niedersachsen 55.599 Lingen
45%
Baden-Württemberg 49.318 Lörrach
44%
Sachsen-Anhalt 14.960 Landsberg
42%
Bayern 29.344 Landsberg (Lech)
42%
Nordrhein-Westfalen 71.230 Lüdenscheid
42%
Nordrhein-Westfalen 85.721 Lünen
40%
Mecklenburg-Vorpommern 12.070 Ludwigslust
39%
Niedersachsen 54.712 Langenhagen
28%
Baden-Württemberg 48.931 Leonberg
27%
Brandenburg 27.658 Ludwigsfelde
18%
Rheinland-Pfalz 18.111 Lahnstein
16%
Bayern 26.387 Lauf (Pegnitz)
12%
Sachsen-Anhalt 13.899 Leuna
12%
Hessen 32.682 Lampertheim
11%
Brandenburg 15.761 Lübbenau (Spreewald)
11%
Brandenburg 20.535 Luckenwalde
11%
Saarland 18.694 Lebach
9%
Thüringen 19.986 Leinefelde-Worbis
9%
Mecklenburg-Vorpommern 6.450 Laage
8%
Schleswig-Holstein 11.644 Lauenburg (Elbe)
8%
Sachsen 23.688 Limbach-Oberfrohna
8%
Sachsen 14.277 Löbau
6%
Sachsen-Anhalt 8.443 Lützen
6%
Saarland 15.983 Losheim am See
4%
Thüringen 3.553 Lucka
4%
Mecklenburg-Vorpommern 6.167 Lübz
2%
Schleswig-Holstein 7.831 Leck
1%
Thüringen 4.024 Langenwetzendorf
0%
Keine übereinstimmenden Quizze gefunden
Verteilung der Resultate
Anzahl Personen mit jedem Resultat
Perzentil nach korrekt beantworteten Fragen
Ihre Resultats-Entwicklung
Sie haben dieses Quiz noch nicht gespielt